Polska polityka - premierzy po 1989 - Statystyki

Ogólne statystyki
  • Ten quiz został rozwiązany 748 razy
  • Średni wynik to 12 z 18
Statystyki odpowiedzi
Okres urzędowania i przynależność polityczna Imię i nazwisko % Poprawnych
XII 2023 - (Platforma Obywatelska) Donald Tusk
95%
XII 2017 - XII 2023 (Prawo i Sprawiedliwość) Mateusz Morawiecki
95%
XI 2007 - IX 2014 (Platforma Obywatelska) Donald Tusk
91%
XI 2015 - XII 2017 (Prawo i Sprawiedliwość) Beata Szydło
90%
VII 2006 - XI 2007 (Prawo i Sprawiedliwość) Jarosław Kaczyński
84%
IX 2014 - XI 2015 (Platforma Obywatelska) Ewa Kopacz
82%
X 2001 - V 2004 (Sojusz Lewicy Demokratycznej) Leszek Miller
78%
VIII 1989 - I 1991 (bezpartyjny) Tadeusz Mazowiecki
78%
X 1993 - III 1995 (Polskie Stronnictwo Ludowe) Waldemar Pawlak
59%
VI 1992 - VII 1992 (Polskie Stronnictwo Ludowe) Waldemar Pawlak
58%
X 2005 - VII 2006 (Prawo i Sprawiedliwość) Kazimierz Marcinkiewicz
56%
V 2004 - X 2005 (Sojusz Lewicy Demokratycznej) Marek Belka
56%
VII 1992 - X 1993 (Unia Demokratyczna) Hanna Suchocka
54%
XII 1991 - VI 1992 (Porozumienie Centrum) Jan Olszewski
52%
X 1997 - X 2001 (Akcja Wyborcza Solidarność) Jerzy Buzek
49%
II 1996 - X 1997 (Sojusz Lewicy Demokratycznej) Włodzimierz Cimoszewicz
49%
III 1995 - II 1996 (Sojusz Lewicy Demokratycznej) Józef Oleksy
48%
I 1991 - XII 1991 (Kongres Liberalno-Demokratyczny) Jan Krzysztof Bielecki
44%
Nie znaleziono quizów pasujących do podanych kryteriów
Rozkład punktacji
Procent ludzi z każdym wynikiem
Percentyl według liczby udzielonych odpowiedzi
Twoja historia wyników
Nie rozwiązałeś tego quizu